Business Environment: Text and Cases (Record no. 11842)
[ view plain ]
| 000 -LEADER | |
|---|---|
| fixed length control field | 00398nam a22001697a 4500 |
| 003 - CONTROL NUMBER IDENTIFIER | |
| control field | OSt |
| 008 - FIXED-LENGTH DATA ELEMENTS--GENERAL INFORMATION | |
| fixed length control field | 230301b ||||| |||| 00| 0 eng d |
| 022 ## - INTERNATIONAL STANDARD SERIAL NUMBER | |
| International Standard Serial Number | 9789353162498 |
| 082 ## - DEWEY DECIMAL CLASSIFICATION NUMBER | |
| Classification number | 338.9 PAB |
| 100 ## - MAIN ENTRY--PERSONAL NAME | |
| Personal name | PAUL, Justin |
| 245 ## - TITLE STATEMENT | |
| Title | Business Environment: Text and Cases |
| 250 ## - EDITION STATEMENT | |
| Edition statement | 4th ed. |
| 260 ## - PUBLICATION, DISTRIBUTION, ETC. (IMPRINT) | |
| Place of publication, distribution, etc | Chennai |
| Name of publisher, distributor, etc | McGraw Hill |
| Date of publication, distribution, etc | 2019 |
| 300 ## - PHYSICAL DESCRIPTION | |
| Extent | 593 |
| 650 ## - SUBJECT ADDED ENTRY--TOPICAL TERM | |
| Topical term or geographic name as entry element | Commerce |
| 942 ## - ADDED ENTRY ELEMENTS (KOHA) | |
| Source of classification or shelving scheme | Dewey Decimal Classification |
| Koha item type | Text Books |
| Withdrawn status | Lost status | Source of classification or shelving scheme | Damaged status | Not for loan | Collection code | Home library | Current library | Date acquired | Source of acquisition | Currency | Cost, normal purchase price | Bill Number | Total Checkouts | Full call number | Acc. no. / Barcode | Date last seen | Actual Cost, discounted price | Bill Date | Koha item type | Date last borrowed |
|---|---|---|---|---|---|---|---|---|---|---|---|---|---|---|---|---|---|---|---|---|
| Dewey Decimal Classification | B.Com | PIET NCR College Library | PIET NCR College Library | 16/02/2023 | International Book Centre | In Rupees | 935.00 | IB/IN/1152 | 338.9 PAB | N3308 | 01/03/2023 | 645.15 | 16/02/2023 | Reference Books | ||||||
| Dewey Decimal Classification | B.Com | PIET NCR College Library | PIET NCR College Library | 16/02/2023 | International Book Centre | In Rupees | 935.00 | IB/IN/1152 | 1 | 338.9 PAB | N3309 | 19/06/2023 | 645.15 | 16/02/2023 | Text Books | 03/06/2023 | ||||
| Dewey Decimal Classification | B.Com | PIET NCR College Library | PIET NCR College Library | 16/02/2023 | International Book Centre | In Rupees | 935.00 | IB/IN/1152 | 338.9 PAB | N3310 | 01/03/2023 | 645.15 | 16/02/2023 | Text Books | ||||||
| Dewey Decimal Classification | B.Com | PIET NCR College Library | PIET NCR College Library | 16/02/2023 | International Book Centre | In Rupees | 935.00 | IB/IN/1152 | 338.9 PAB | N3311 | 01/03/2023 | 645.15 | 16/02/2023 | Text Books | ||||||
| Dewey Decimal Classification | B.Com | PIET NCR College Library | PIET NCR College Library | 16/02/2023 | International Book Centre | In Rupees | 935.00 | IB/IN/1152 | 1 | 338.9 PAB | N3312 | 27/02/2025 | 645.15 | 16/02/2023 | Text Books | 06/02/2025 |